• 首页
  • 本馆介绍
  • 公告通知
  • 最新文献
  • 馆藏检索
  • 电子资源
  • 读者导购
  • 参考咨询
  • 我的图书馆
  • 登录
  • 详细信息显示
  • 放入我的书架
  • 预约/预借图书
  • 作者相关作品
  • 分类相关作品
  • 丛书相关作品
  • 出版社相关作品

书目信息

  • 表格格式
  • 工作单格式
  • 卡片格式
题名:
中国资本市场法治评论
    
 
作者: 刘俊海 主编
分册: 第四卷  
出版信息: 北京   法律出版社  2013
页数: 491页
开本: 23cm
丛书名:
单 册:
中图分类: D922.280.4
科图分类:
主题词: 资本市场--Zi Ben Shi Chang--金融法--研究--中国
电子资源:
ISBN: 978-7-5118-5230-4
000 00953nam0 22002411 450
001 0101082455
005 20161201102135.06
010    @a978-7-5118-5230-4@dCNY56.00
100    @a20131128d2013 em y0chiy50 ea
101 0  @achi
102    @aCN@b110000
105    @ay z 000yy
106    @ar
200 1  @a中国资本市场法治评论@AZhong Guo Zi Ben Shi Chang Fa Zhi Ping Lun@h第四卷@dLaw review of chinese capital market@hVolume 4@f刘俊海主编@zeng
210    @a北京@c法律出版社@d2013
215    @a491页@d23cm
330    @a本书分为商法前沿论坛、资本市场投资者权益保护、域外资本法治采风、资本市场法治论坛四部分,主要内容包括:法治刍论、论公司违法缔结担保合同之效力等。
510 1  @aLaw review of chinese capital market@hVolume 4@zeng
606 0  @a资本市场@AZi Ben Shi Chang@x金融法@x研究@y中国
690    @aD922.280.4@v5
701  0 @a刘俊海@ALiu Juan Hai@f(1969~)@4主编
801  0 @aCN@bTANGWEI@c20161128
905    @b0951732-6@dD922.280.4@e1472:4@f5
    
    中国资本市场法治评论.第四卷=Law review of chinese capital market.Volume 4/刘俊海主编.-北京:法律出版社,2013
    491页;23cm
    
    
    ISBN 978-7-5118-5230-4:CNY56.00
    本书分为商法前沿论坛、资本市场投资者权益保护、域外资本法治采风、资本市场法治论坛四部分,主要内容包括:法治刍论、论公司违法缔结担保合同之效力等。
●
相关链接 在E读中查询图书 在五车中查询图书 在当当中查询图书 在豆瓣中查询图书


正题名:中国资本市场法治评论     索取号:D922.280.4/1472:4         预约/预借

序号 登录号 条形码 馆藏地/架位号 状态 备注
1 0951732   209517325   第一样本阅览室/ [索取号:D922.280.4/1472:4] 在馆    
2 0951733   209517334   第一借阅区/ [索取号:D922.280.4/1472:4] 在馆    
3 0951734   209517343   第一借阅区/ [索取号:D922.280.4/1472:4] 在馆    
4 0951735   209517352   第一借阅区/ [索取号:D922.280.4/1472:4] 在馆    
5 0951736   209517361   密集书库-史法系/ [索取号:D922.280.4/1472:4] 在馆    
唐山师范学院图书馆 欢迎您!
大连网信软件有限公司© 版权所有